000 00883nmc a2200301 a 4500
003 AR-BaBNM
005 20251128202714.0
008 075020s2001 ||||||||||||||000 | spa||
020 _a950-29-0634-9
040 _cAR-BaBNM
100 1 _aFunes, Patricia
245 1 0 _aTextos para el pregón, el afiche y el muro
_balgunas reflexiones "pre-liminares" acerca del Manifiesto Liminar
250 _a1ª ed.
260 _aBuenos Aires
_bEudeba
_c2001
300 0 _a42 p.
490 0 _aFragmentos de una memoria. Documentos
_vv. 4
650 4 _aESTUDIANTES UNIVERSITARIOS
650 4 _aMOVIMIENTOS ESTUDIANTILES
651 4 _aArgentina
651 4 _aCórdoba
653 _aHISTORIA DE LA UNIVERSIDAD
653 _aREFORMA UNIVERSITARIA
700 1 _aCaldelari, María
800 1 _aFunes, Patricia
800 1 _aCaldelari, María
942 _cBK
998 _cmaria eugenia
999 _c199
_d199